Textbook of orthodontics / (Record no. 25663)

MARC details
000 -LEADER
fixed length control field 00865nam a22002655a 4500
005 - DATE AND TIME OF LATEST TRANSACTION
control field 20171126121142.0
006 - FIXED-LENGTH DATA ELEMENTS--ADDITIONAL MATERIAL CHARACTERISTICS--GENERAL INFORMATION
fixed length control field a||||f ||z 00| 0
008 - FIXED-LENGTH DATA ELEMENTS--GENERAL INFORMATION
fixed length control field 171126s2007 ii a fr 001 0 eng d
020 ## - INTERNATIONAL STANDARD BOOK NUMBER
International Standard Book Number 9788184480801
040 ## - CATALOGING SOURCE
Original cataloging agency EG-ScBUE
Language of cataloging eng
Transcribing agency EG-ScBUE
Modifying agency EG-ScBUE
082 04 - DEWEY DECIMAL CLASSIFICATION NUMBER
Edition number 22
Classification number 617.643
Item number TEX
245 00 - TITLE STATEMENT
Title Textbook of orthodontics /
Statement of responsibility, etc editor Gurkeerat Singh.
250 ## - EDITION STATEMENT
Edition statement 2nd ed.
260 ## - PUBLICATION, DISTRIBUTION, ETC. (IMPRINT)
Place of publication, distribution, etc New Delhi :
Name of publisher, distributor, etc Jaypee Brothers,
Date of publication, distribution, etc 2007.
300 ## - PHYSICAL DESCRIPTION
Extent 704 p. :
Other physical details ill. ;
Dimensions 27 cm. +
Accompanying material CD-ROM (4 3/4 in.)
500 ## - GENERAL NOTE
General note Includes index.
500 ## - GENERAL NOTE
General note Includes free online access : www. jaypeeonline.in.
650 #7 - SUBJECT ADDED ENTRY--TOPICAL TERM
Source of heading or term BUEsh
9 (RLIN) 41372
Topical term or geographic name as entry element Orthodontics.
650 #7 - SUBJECT ADDED ENTRY--TOPICAL TERM
Source of heading or term BUEsh
Topical term or geographic name as entry element Orthodontics, Corrective
General subdivision methods.
650 #7 - SUBJECT ADDED ENTRY--TOPICAL TERM
Source of heading or term BUEsh
Topical term or geographic name as entry element Malocclusion
General subdivision therapy.
651 ## - SUBJECT ADDED ENTRY--GEOGRAPHIC NAME
Source of heading or term BUEsh
653 ## - INDEX TERM--UNCONTROLLED
Resource For college
Arrived date list November2017
700 1# - ADDED ENTRY--PERSONAL NAME
Personal name Singh, Gurkeerat,
Relator term editor.
9 (RLIN) 41385
942 ## - ADDED ENTRY ELEMENTS (KOHA)
Source of classification or shelving scheme Dewey Decimal Classification
Holdings
Withdrawn status Item status Source of classification or shelving scheme Damaged status Not for loan Vendor Home library Current library Shelving location Date acquired Source of acquisition Serial Enumeration / chronology Total Checkouts Full call number Barcode Date last seen Date last borrowed Koha item type
    Dewey Decimal Classification       Central Library Central Library First floor 26/11/2017 Purchase 0000485 4 617.643 TEX 000042558 15/07/2025 02/08/2018 Book - Borrowing
    Dewey Decimal Classification       Central Library Central Library First floor 26/11/2017 Purchase 0000485   617.643 TEX 000042559 24/08/2022   CD | DVD - With book